000
00380nam a2200133Ia 4500
008
100328s9999 xx 000 0 und d
082
_b
31031
100
_a
ढोले द. कृ.
245
_a
सैनिकाची बखर
260
_b
अभिनव
630
_a
सैनिकाची बखर
730
_a
सैनिकाची बखर
942
_c
BOOK
999
_c
521984
_d
521981